[Event "HUN-chT2 Maroczy 1516"]
[Site "Hungary"]
[Date "2016.02.28"]
[Round "6.9"]
[White "Liskan, Lajos"]
[Black "Vamos, Viktor"]
[Result "0-1"]
[WhiteElo "1939"]
[BlackElo "2198"]
[PlyCount "94"]
[EventDate "2015.10.18"]
[EventType "team-tourn"]
[EventRounds "9"]
[EventCountry "HUN"]
[SourceTitle "EXT 2017"]
[Source "ChessBase"]
[SourceDate "2016.10.25"]
[SourceVersion "1"]
[SourceVersionDate "2016.10.25"]
[SourceQuality "1"]
[WhiteTeam "Szigetszentmiklos"]
[BlackTeam "Toth Laszlo"]
[WhiteTeamCountry "HUN"]
[BlackTeamCountry "HUN"]

1. e4 e6 2. d4 d5 3. exd5 exd5 4. Bf4 Bd6 5. Bxd6 Qxd6 6. Bd3 Nc6 7. c3 Nge7 8. Qd2 Bg4 9. Na3 0-0-0 10. f3 Bf5 11. 0-0-0 Qg6 12. g4 Bxd3 13. Qxd3 h5 14. h3 Qxd3 15. Rxd3 Ng6 16. Ne2 Rde8 17. Kd2 Re6 18. Nc2 Rf6 19. g5 Re6 20. Ne3 Rhe8 21. Rh2 Nce7 22. Ng2 Ra6 23. a3 Rb6 24. Kc2 Nf5 25. Ngf4 Nxf4 26. Nxf4 Ne3+ 27. Rxe3 Rxe3 28. Nxd5 Rxf3 29. Nxb6+ axb6 30. h4 Kd7 31. Kb3 Rf4 32. Kc4 f6 33. b4 b5+ 34. Kb3 fxg5 35. hxg5 g6 36. a4 bxa4+ 37. Kxa4 Rg4 38. Rf2 Rxg5 39. Rf7+ Kd8 40. Rh7 Rg4 41. d5 h4 42. Kb5 g5 43. c4 Rg3 44. c5 h3 45. c6 bxc6+ 46. Kxc6 Rc3+ 47. Kb7 g4 0-1

[Event "HUN-chT2 Erkel 1112"]
[Site "Hungary"]
[Date "2012.04.22"]
[Round "9.4"]
[White "Liskan, Lajos"]
[Black "Kiss, Pal Vac"]
[Result "1/2-1/2"]
[WhiteElo "1967"]
[BlackElo "2019"]
[PlyCount "28"]
[EventDate "2011.09.25"]
[EventType "team-tourn"]
[EventRounds "11"]
[EventCountry "HUN"]
[SourceTitle "EXT 2013"]
[Source "ChessBase"]
[SourceDate "2012.11.22"]
[SourceVersion "1"]
[SourceVersionDate "2012.11.22"]
[SourceQuality "1"]
[WhiteTeam "Szigetszentmiklos"]
[BlackTeam "Vaci"]
[WhiteTeamCountry "HUN"]
[BlackTeamCountry "HUN"]

1. d4 d5 2. c4 c6 3. Nc3 dxc4 4. Nf3 Nf6 5. e4 b5 6. Ne5 e6 7. Bg5 Be7 8. a3 Bb7 9. Be3 Nbd7 10. Nxd7 Qxd7 11. Be2 a6 12. Qc2 0-0 13. 0-0 Qc7 14. Bf3 Rfd8 1/2-1/2

[Event "HUN-chT2 Erkel 1112"]
[Site "Hungary"]
[Date "2012.02.19"]
[Round "6.7"]
[White "Demeter, Istvan"]
[Black "Liskan, Lajos"]
[Result "1-0"]
[WhiteElo "2024"]
[BlackElo "1967"]
[PlyCount "21"]
[EventDate "2011.09.25"]
[EventType "team-tourn"]
[EventRounds "11"]
[EventCountry "HUN"]
[SourceTitle "EXT 2013"]
[Source "ChessBase"]
[SourceDate "2012.11.22"]
[SourceVersion "1"]
[SourceVersionDate "2012.11.22"]
[SourceQuality "1"]
[WhiteTeam "Matra"]
[BlackTeam "Szigetszentmiklos"]
[WhiteTeamCountry "HUN"]
[BlackTeamCountry "HUN"]

1. e4 c5 2. Nf3 Nc6 3. d4 cxd4 4. Nxd4 Nf6 5. Nc3 g6 6. Nxc6 bxc6 7. e5 Ng8 8. Bc4 d5 9. Nxd5 cxd5 10. Bxd5 Bd7 11. Qf3 1-0

[Event "HUN-chT2 Erkel 1112"]
[Site "Hungary"]
[Date "2011.11.27"]
[Round "4.7"]
[White "Vass, Istvan"]
[Black "Liskan, Lajos"]
[Result "1-0"]
[WhiteElo "2085"]
[BlackElo "1967"]
[PlyCount "52"]
[EventDate "2011.09.25"]
[EventType "team-tourn"]
[EventRounds "11"]
[EventCountry "HUN"]
[SourceTitle "EXT 2013"]
[Source "ChessBase"]
[SourceDate "2012.11.22"]
[SourceVersion "1"]
[SourceVersionDate "2012.11.22"]
[SourceQuality "1"]
[WhiteTeam "MAFC"]
[BlackTeam "Szigetszentmiklos"]
[WhiteTeamCountry "HUN"]
[BlackTeamCountry "HUN"]

1. e4 c5 2. Nf3 Nc6 3. d4 cxd4 4. Nxd4 Nf6 5. Nc3 g6 6. Nxc6 dxc6 7. Qxd8+ Kxd8 8. a4 e5 9. Bc4 Be6 10. Bxe6 fxe6 11. Bg5 Be7 12. Ke2 Nd7 13. h4 h5 14. Rh3 Rh7 15. Rg3 Rg7 16. Rd1 Ke8 17. Bxe7 Kxe7 18. b4 Rf8 19. Rgd3 Kd8 20. Rd6 Re7 21. f3 Rfe8 22. a5 Kc7 23. Na4 b5 24. Nb2 a6 25. c4 Rd8 26. cxb5 axb5 1-0

[Event "HUN-chT2 Erkel 1112"]
[Site "Hungary"]
[Date "2011.10.30"]
[Round "2.7"]
[White "Liskan, Lajos"]
[Black "Hatala, Sandor"]
[Result "1-0"]
[WhiteElo "1967"]
[BlackElo "1892"]
[PlyCount "95"]
[EventDate "2011.09.25"]
[EventType "team-tourn"]
[EventRounds "11"]
[EventCountry "HUN"]
[SourceTitle "EXT 2013"]
[Source "ChessBase"]
[SourceDate "2012.11.22"]
[SourceVersion "1"]
[SourceVersionDate "2012.11.22"]
[SourceQuality "1"]
[WhiteTeam "Szigetszentmiklos"]
[BlackTeam "Honved II"]
[WhiteTeamCountry "HUN"]
[BlackTeamCountry "HUN"]

1. e4 g6 2. d4 d6 3. c4 Bg7 4. Nc3 Nf6 5. Nf3 Bg4 6. Be2 0-0 7. 0-0 Nbd7 8. h3 Bxf3 9. Bxf3 c6 10. Be3 Qc7 11. Rc1 Rad8 12. b4 a6 13. Qb3 e5 14. Rfd1 exd4 15. Bxd4 Ne5 16. Be2 Nfd7 17. f4 c5 18. Nd5 Qb8 19. Bf2 Nc6 20. b5 Nd4 21. Bxd4 Bxd4+ 22. Rxd4 cxd4 23. Qd3 axb5 24. Qxd4 Rde8 25. cxb5 f5 26. Bc4 Rf7 27. exf5 Qd8 28. fxg6 hxg6 29. Ne3 Qb6 30. Bxf7+ Kxf7 31. Qxb6 Nxb6 32. Rc7+ Re7 33. Rxe7+ Kxe7 34. g4 Na4 35. Nd1 Nc5 36. Kf2 Ne6 37. Ke3 d5 38. f5 gxf5 39. gxf5 d4+ 40. Ke4 Nc7 41. a4 Kf6 42. Kxd4 Kxf5 43. Kc5 Ke5 44. Kb6 Ne6 45. a5 Kd6 46. a6 bxa6 47. bxa6 Nc7 48. a7 1-0

[Event "HUN-chT2 Erkel 0910"]
[Site "Hungary"]
[Date "2010.01.31"]
[Round "5.8"]
[White "Szlabey, Geza"]
[Black "Liskan, Lajos"]
[Result "1-0"]
[WhiteElo "2092"]
[BlackElo "2002"]
[PlyCount "75"]
[EventDate "2009.11.08"]
[EventType "team-tourn"]
[EventRounds "11"]
[EventCountry "HUN"]
[SourceTitle "EXT 2011"]
[Source "ChessBase"]
[SourceDate "2010.11.26"]
[SourceVersion "1"]
[SourceVersionDate "2010.11.26"]
[SourceQuality "1"]
[WhiteTeam "Foti"]
[BlackTeam "Pestszentlorinc"]
[WhiteTeamCountry "HUN"]
[BlackTeamCountry "HUN"]

1. e4 c5 2. Nf3 Nc6 3. Bb5 g6 4. 0-0 Bg7 5. c3 Nf6 6. d3 0-0 7. Be3 d6 8. Qc1 a6 9. Bxc6 bxc6 10. Bh6 Bg4 11. Bxg7 Kxg7 12. Nbd2 Qc7 13. Re1 e5 14. h3 Bd7 15. Nc4 Nh5 16. d4 Be6 17. Ne3 f6 18. Ng4 Nf4 19. dxe5 dxe5 20. Qe3 h5 21. Ngh2 Qe7 22. b3 Rfd8 23. Rad1 Rd6 24. Qxc5 Rad8 25. Rxd6 Rxd6 26. Nxe5 Bxh3 27. Nc4 Nxg2 28. Nxd6 Nh4 29. e5 f5 30. Qe3 Ng2 31. Qg3 Nxe1 32. Qxh3 Qg5+ 33. Qg3 Qc1 34. Nf1 f4 35. Qh3 Qd1 36. Qd7+ Kh6 37. Nf7+ Kg7 38. Qxd1 1-0

[Event "EU-ch Union SCIPT 15th"]
[Site "Porto"]
[Date "2007.09.11"]
[Round "2"]
[White "Liskan, Lajos"]
[Black "Marques, Jose Carlos Capela"]
[Result "1-0"]
[WhiteElo "2036"]
[BlackElo "1961"]
[PlyCount "89"]
[EventDate "2007.09.10"]
[EventType "team-swiss"]
[EventRounds "9"]
[EventCountry "POR"]
[SourceTitle "EXT 2016"]
[Source "ChessBase"]
[SourceDate "2015.10.08"]
[SourceVersion "1"]
[SourceVersionDate "2015.10.08"]
[SourceQuality "1"]

1. e4 e6 2. d4 c5 3. Nf3 g6 4. c3 Nc6 5. Be3 Nf6 6. Bd3 Bg7 7. dxc5 0-0 8. 0-0 Ng4 9. Bg5 f6 10. Bf4 e5 11. Bg3 Qa5 12. b4 Qd8 13. Nfd2 b6 14. Qxg4 bxc5 15. a3 d5 16. Qe2 c4 17. Bc2 Ba6 18. a4 Bb7 19. exd5 Qxd5 20. Qxc4 Qxc4 21. Nxc4 Rac8 22. Nd6 Rc7 23. Nxb7 Rxb7 24. Be4 Rc7 25. Na3 Ne7 26. c4 f5 27. Bd3 e4 28. Bxc7 Bxa1 29. Rxa1 exd3 30. Rd1 Nc6 31. Rxd3 Nxb4 32. Rd8 Na6 33. Rxf8+ Kxf8 34. Bd6+ Ke8 35. Kf1 Kd7 36. Nb5 Kc6 37. c5 Kb7 38. Ke2 Nb8 39. Bxb8 Kxb8 40. Kd3 Kb7 41. Kc4 a5 42. Kd5 Ka6 43. c6 Kb6 44. c7 Ka6 45. c8Q+ 1-0

[Event "HUN-chT2 Breyer 0506"]
[Site "Hungary"]
[Date "2006.01.22"]
[Round "6"]
[White "Farkas, Lajos"]
[Black "Liskan, Lajos"]
[Result "1/2-1/2"]
[WhiteElo "2141"]
[BlackElo "2012"]
[PlyCount "48"]
[EventDate "2005.10.16"]
[EventType "team-tourn"]
[EventRounds "11"]
[EventCountry "HUN"]
[SourceTitle "EXT 2009"]
[Source "ChessBase"]
[SourceDate "2008.11.26"]
[SourceVersion "1"]
[SourceVersionDate "2008.11.26"]
[SourceQuality "1"]
[WhiteTeam "Barcza"]
[BlackTeam "Vizugy II"]
[WhiteTeamCountry "HUN"]
[BlackTeamCountry "HUN"]

1. e4 c5 2. Nf3 Nc6 3. d4 cxd4 4. Nxd4 g6 5. Be3 Bg7 6. Bc4 Nf6 7. f3 0-0 8. Nc3 Qb6 9. Bb3 Nxe4 10. Nd5 Qa5+ 11. c3 Nf6 12. Nxc6 dxc6 13. Nxe7+ Kh8 14. Nxc8 Raxc8 15. 0-0 Rcd8 16. Qc2 Rfe8 17. Qf2 Rd7 18. Rfe1 b6 19. Bd4 Red8 20. Rad1 Kg8 21. Bxf6 Bxf6 22. Rxd7 Rxd7 23. g3 Qb5 24. Qe2 Qxe2 1/2-1/2